ბათუმის შოთა რუსთაველის სახელმწიფო უნივერსიტეტის ბიბლიოთეკა

არქიტექტურული დაგეგმარების შესავალი / (ბიბ.ჩანაწერი № 38423)

000 -ლიდერი
ფიქსირებული სიგრძის საკონტროლო ველი 01022nam a2200229Ia 4500
001 - საკონტროლო ნომერი
საკონტროლო ველი 4434
003 - საკონტროლო ნომრის იდენტიფიკატორი
საკონტროლო ველი GE_BSU
005 - ბოლო ოპერაციის თარიღი და დრო
საკონტროლო ველი 20190515190739.0
008 - ფიქსირებული სიგრძის მონაცემთა ელემენტები - ზოგადი ინფორმაცია
ფიქსირებული სიგრძის საკონტროლო ველი 181216s1999||||ge |||||||||||||| ||geo||
040 ## - კატალოგიზაციის წყარო
Transcribing agency GE_BSU
041 ## - ენის კოდი
Language code of text/sound track or separate title geo
080 ## - უნივერსალური ათობითი კლასიფიკაციის ინდექსი
Universal Decimal Classification number 72(075.8) ა–84
245 ## - ცნობა სათაურის შესახებ
Title არქიტექტურული დაგეგმარების შესავალი /
Statement of responsibility, etc შემდგ : ვ.კრინსკი ; ვ. კოლბინი ; ი. ლამცოვი ; რედ : ნ.მგალობლიშვილი .
264 ## - წარმოების, გამოცემის, დისტრიბუციის და სხვა ცნობები
გამოცემის, წარმოების, დისტრიბუციის... ადგილი ბათუმი :
გამოცემის, წარმოების, დისტრიბუციის... სახელწოდება აჭარა,
გამოცემის, წარმოების, დისტრიბუციის... თარიღი 1999.
300 ## - ფიზიკური აღწერა
Extent 23.გვ ; 27 სმ;
Other physical details ილ ;
Dimensions 27 სმ.
653 ## - INDEX TERM--UNCONTROLLED
Uncontrolled term არქიტექტურული დაგეგმარება
653 ## - INDEX TERM--UNCONTROLLED
Uncontrolled term არქიტექტურა
700 ## - ADDED ENTRY--PERSONAL NAME
Personal name კოლბინი, ვ.
9 (RLIN) 1189
700 ## - ADDED ENTRY--PERSONAL NAME
Personal name ლამცოვი, ი.
9 (RLIN) 1190
700 ## - ADDED ENTRY--PERSONAL NAME
Personal name მგალობლიშვილი, ნ
Relator term რედაქტორი
9 (RLIN) 1191
942 ## - ADDED ENTRY ELEMENTS (KOHA)
Koha item type წიგნი
Source of classification or shelving scheme
ეგზემპლარები
ჩამოწერის სტატუსი დაკარგული ეგზემპლარის სტატუსი კლასიფიკაციის წყარო ან თაროზე გაწყობის სქემა დაზიანების სტატუსი არ გაიცემა მუდმივი მდებარეობა (დაცვის ადგილი) ამჟამინდელი ადგილსამყოფელი თაროზე განთავსების ადგილი შეძენის თარიღი ღირებულება, შესყიდვის ნორმალური ფასი სრული შენახვის შიფრი შტრიხკოდი ბოლო ოპერაციის თარიღი ეგზემპლარის მიმდევრობითი ნომერი (კეტერი?) ფასის ძალაში შესვლის თარიღი ეგზემპლარის სახეობა საჯარო შენიშვნა
          ტექნოლოგიური ფაკულტეტის ბიბლიოთეკა ტექნოლოგიური ფაკულტეტის ბიბლიოთეკა წიგნსაცავი 2018-12-17 10.00 72(075.8) ა–84 8580 2018-12-17 8580 2018-12-17 წიგნი 10 ლ .
          ტექნოლოგიური ფაკულტეტის ბიბლიოთეკა ტექნოლოგიური ფაკულტეტის ბიბლიოთეკა წიგნსაცავი 2018-12-17 10.00 72(075.8) ა–84 8585 2018-12-17 8585 2018-12-17 წიგნი 10 ლ.
          ტექნოლოგიური ფაკულტეტის ბიბლიოთეკა ტექნოლოგიური ფაკულტეტის ბიბლიოთეკა წიგნსაცავი 2018-12-17 10.00 72(075.8) ა–84 8596 2018-12-17 8596 2018-12-17 წიგნი 10 ლ.
          ტექნოლოგიური ფაკულტეტის ბიბლიოთეკა ტექნოლოგიური ფაკულტეტის ბიბლიოთეკა წიგნსაცავი 2018-12-17   72(075.8) ა–84 8597 2018-12-17 8597 2018-12-17 წიგნი 10 ლ.